[Event "Titled Tuesday 2021.09.14"]
[Site "chess.com INT"]
[Date "2021.09.14"]
[Round "1"]
[White "Bach, Ngoc Thuy Duong"]
[Black "Gedajlovic, Max"]
[Result "1-0"]
[WhiteElo "2198"]
[BlackElo "2337"]
[PlyCount "47"]
[EventDate "2021.09.14"]
[EventType "swiss (blitz)"]
[EventRounds "11"]
[EventCountry "NET"]
[Source "Mark Crowther"]
[SourceDate "2021.09.20"]

1. d4 Nf6 2. c4 e6 3. Nc3 Bb4 4. Qc2 O-O 5. a3 Bxc3+ 6. Qxc3 d5 7. Bg5 dxc4 8.
Qxc4 b6 9. Rd1 Ba6 10. Qa4 h6 11. Bh4 g5 12. Bg3 Ne4 13. Qc2 Nxg3 14. hxg3 Kg7
15. e3 Bxf1 16. Kxf1 Nd7 17. g4 Nf6 18. Ne2 Rc8 19. Ng3 Qd5 20. f3 Qb5+ 21. Kf2
c5 22. d5 c4 23. Qc3 Kg6 24. Rxh6+ 1-0

[Event "Olympiad Top DivD"]
[Site "chess.com INT"]
[Date "2021.09.08"]
[Round "2.1"]
[White "Avila Pavas, Santiago"]
[Black "Gedajlovic, Max"]
[Result "1-0"]
[WhiteElo "2395"]
[BlackElo "2337"]
[PlyCount "95"]
[EventDate "2021.09.08"]
[EventType "team (rapid)"]
[EventRounds "9"]
[EventCountry "NET"]
[Source "Mark Crowther"]
[SourceDate "2021.09.13"]
[WhiteTeam "Colombia"]
[BlackTeam "Canada"]
[WhiteTeamCountry "COL"]
[BlackTeamCountry "CAN"]

1. d4 e6 2. Nf3 Nf6 3. g3 b5 4. Bg2 Bb7 5. Bg5 d5 6. Nbd2 Be7 7. Ne5 h6 8. Bxf6
Bxf6 9. O-O c5 10. c3 Qc7 11. e4 Bxe5 12. dxe5 d4 13. cxd4 cxd4 14. a4 Nd7 15.
Rc1 Qxe5 16. Nf3 Qb8 17. Nxd4 Nf6 18. Nxb5 O-O 19. Nc7 Rd8 20. Qe2 Rd4 21. Nxa8
Qxa8 22. Rfd1 Rxa4 23. Qb5 Ra6 24. e5 Nd5 25. Bxd5 exd5 26. Qd7 Bc6 27. Qe7 Qc8
28. Rxd5 Qf5 29. Rd8+ Kh7 30. Qd6 Bb7 31. Qd3 Be4 32. Qe3 Ra4 33. Rd2 Qh3 34.
f3 Bg6 35. Rd4 Ra6 36. Qf4 Qe6 37. Rd6 Qa2 38. Qc4 Qxb2 39. Rxa6 Qd2 40. Ra2
Qe3+ 41. Kg2 Qxe5 42. Re2 Qd6 43. Qc8 f6 44. Rce1 Qd5 45. Re8 Bf5 46. Rh8+ Kg6
47. Qe8+ Kg5 48. h4# 1-0

[Event "Olympiad Top DivD"]
[Site "chess.com INT"]
[Date "2021.09.09"]
[Round "4.2"]
[White "Van Dael, Siem"]
[Black "Gedajlovic, Max"]
[Result "1/2-1/2"]
[WhiteElo "2370"]
[BlackElo "2337"]
[PlyCount "87"]
[EventDate "2021.09.08"]
[EventType "team (rapid)"]
[EventRounds "9"]
[EventCountry "NET"]
[Source "Mark Crowther"]
[SourceDate "2021.09.13"]
[WhiteTeam "Netherlands"]
[BlackTeam "Canada"]
[WhiteTeamCountry "NED"]
[BlackTeamCountry "CAN"]

1. e4 e6 2. d4 d5 3. Nc3 Bb4 4. e5 c5 5. a3 Bxc3+ 6. bxc3 Ne7 7. Qg4 Qc7 8.
Qxg7 Rg8 9. Qxh7 cxd4 10. Ne2 Nbc6 11. f4 dxc3 12. Qd3 d4 13. Nxd4 Nxd4 14.
Qxd4 Bd7 15. Rg1 Nf5 16. Qf2 Qc6 17. Bd3 Qd5 18. Be3 Nxe3 19. Qxe3 Rxg2 20.
Rxg2 Qxg2 21. Be4 Qxh2 22. O-O-O Bc6 23. Bxc6+ bxc6 24. Qd4 a5 25. Rg1 Qd2+ 26.
Qxd2 cxd2+ 27. Kxd2 Kd7 28. Rg7 Ke7 29. Rg3 Kd7 30. Rd3+ Kc7 31. Rh3 Kd7 32.
Kd3 Rg8 33. Kc4 Rg4 34. Rf3 Rg2 35. Kb3 Kc7 36. Rd3 Rf2 37. Rd4 Kb6 38. Rc4
Rf3+ 39. c3 Rf1 40. Rd4 Rb1+ 41. Kc2 Rf1 42. Kb3 Rb1+ 43. Kc2 Rf1 44. Kb3
1/2-1/2

[Event "Olympiad Top DivD"]
[Site "chess.com INT"]
[Date "2021.09.09"]
[Round "5.4"]
[White "Gedajlovic, Max"]
[Black "Derakhshani, Borna"]
[Result "1-0"]
[WhiteElo "2337"]
[BlackElo "2353"]
[PlyCount "65"]
[EventDate "2021.09.08"]
[EventType "team (rapid)"]
[EventRounds "9"]
[EventCountry "NET"]
[Source "Mark Crowther"]
[SourceDate "2021.09.13"]
[WhiteTeam "Canada"]
[BlackTeam "England"]
[WhiteTeamCountry "CAN"]
[BlackTeamCountry "ENG"]

1. d4 Nf6 2. c4 e6 3. Nf3 d5 4. Nc3 c6 5. e3 Nbd7 6. Qc2 Be7 7. b3 O-O 8. Bb2
a5 9. Bd3 b6 10. g4 Nxg4 11. Bxh7+ Kh8 12. h3 Nh6 13. Bd3 f5 14. Ne2 Bf6 15.
Nf4 Qe8 16. Rg1 Rg8 17. h4 Nf8 18. O-O-O a4 19. Rg5 axb3 20. axb3 Bxg5 21. hxg5
Ng6 22. Nxg6+ Qxg6 23. gxh6 gxh6 24. Ne5 Qf6 25. c5 Ba6 26. cxb6 Bxd3 27. Qxd3
Rg7 28. Qc3 Qd8 29. Qc5 Rb8 30. Nxc6 Qxb6 31. Nxb8 Rc7 32. Kb1 Rxc5 33. dxc5+
1-0

[Event "Olympiad Top DivD"]
[Site "chess.com INT"]
[Date "2021.09.10"]
[Round "7.3"]
[White "Gedajlovic, Max"]
[Black "Quirhuayo Chumbe, German Gonzalo"]
[Result "1-0"]
[WhiteElo "2337"]
[BlackElo "2296"]
[PlyCount "93"]
[EventDate "2021.09.08"]
[EventType "team (rapid)"]
[EventRounds "9"]
[EventCountry "NET"]
[Source "Mark Crowther"]
[SourceDate "2021.09.13"]
[WhiteTeam "Canada"]
[BlackTeam "Peru"]
[WhiteTeamCountry "CAN"]
[BlackTeamCountry "PER"]

1. d4 Nf6 2. c4 e6 3. Nf3 c5 4. d5 b5 5. Bf4 bxc4 6. Nc3 exd5 7. Nxd5 Nxd5 8.
Qxd5 Nc6 9. Ne5 Nxe5 10. Bxe5 Ba6 11. Bc7 Qxc7 12. Qxa8+ Bc8 13. O-O-O Be7 14.
Qe4 c3 15. e3 Bb7 16. Qg4 cxb2+ 17. Kb1 O-O 18. Rxd7 Be4+ 19. Bd3 Bxd3+ 20.
Rxd3 Bf6 21. Qc4 h5 22. Rd5 Rc8 23. Rxh5 Rd8 24. e4 Qf4 25. Rd5 Re8 26. f3 Bd4
27. Rxd4 cxd4 28. Qxd4 Rb8 29. Qd3 Qc7 30. Rd1 a5 31. Qd6 Qb7 32. Qd5 Qb4 33.
e5 Re8 34. Qd4 Qf8 35. f4 Rb8 36. f5 Qc8 37. Qd7 Qc4 38. e6 Qe4+ 39. Qd3 Qxg2
40. e7 Kh7 41. f6+ g6 42. Qd5 Qe2 43. Qxf7+ Kh6 44. Qd5 Rb5 45. Qd2+ Qxd2 46.
Rxd2 Re5 47. f7 1-0

[Event "Olympiad Top DivD"]
[Site "chess.com INT"]
[Date "2021.09.10"]
[Round "9.2"]
[White "Gedajlovic, Max"]
[Black "Teclaf, Pawel"]
[Result "0-1"]
[WhiteElo "2337"]
[BlackElo "2543"]
[PlyCount "52"]
[EventDate "2021.09.08"]
[EventType "team (rapid)"]
[EventRounds "9"]
[EventCountry "NET"]
[Source "Mark Crowther"]
[SourceDate "2021.09.13"]
[WhiteTeam "Canada"]
[BlackTeam "Poland"]
[WhiteTeamCountry "CAN"]
[BlackTeamCountry "POL"]

1. d4 e6 2. c4 b6 3. Nf3 Bb7 4. e3 Nf6 5. Bd3 c5 6. Nc3 Be7 7. O-O O-O 8. d5
exd5 9. cxd5 d6 10. e4 Ba6 11. Re1 Bxd3 12. Qxd3 Nbd7 13. Nd2 a6 14. a4 Qc7 15.
f4 Rfe8 16. Nc4 Bf8 17. e5 dxe5 18. d6 e4 19. Nxe4 Qc6 20. Ne5 c4 21. Qd4 Nxe5
22. Nxf6+ gxf6 23. fxe5 Bxd6 24. Qh4 Bxe5 25. Bh6 Kh8 26. Re4 Qxe4 0-1

[Event "Innsbruck op-A"]
[Site "Innsbruck AUT"]
[Date "2021.08.22"]
[Round "2.6"]
[White "Gedajlovic, Max"]
[Black "Baenziger, Fabian"]
[Result "1-0"]
[WhiteElo "2270"]
[BlackElo "2404"]
[PlyCount "99"]
[EventDate "2021.08.21"]
[EventType "swiss"]
[EventRounds "9"]
[EventCountry "AUT"]
[Source "ChessMix"]
[SourceDate "2021.09.01"]

1. d4 d5 2. Nf3 Nf6 3. c4 c6 4. Nbd2 Bf5 5. Nh4 Be6 6. e3 g5 7. Nhf3 g4 8. Ne5
Nbd7 9. Nxd7 Qxd7 10. Be2 h5 11. b4 h4 12. Bb2 dxc4 13. Nxc4 Bd5 14. Rg1 h3 15.
g3 Qf5 16. Ne5 Rg8 17. Qd3 e6 18. a3 Be4 19. Qc4 Bd5 20. Qd3 Nd7 21. Nc4 Qxd3
22. Bxd3 f5 23. Rc1 b6 24. Nd2 b5 25. e4 fxe4 26. Nxe4 Bh6 27. Rc2 Ke7 28. Nc3
Bf3 29. Ne4 Rac8 30. Bc1 Bxc1 31. Rxc1 Nf6 32. Nxf6 Kxf6 33. Kd2 Rg5 34. Ke3 e5
35. d5 Bxd5 36. Bxb5 Ke6 37. Rgd1 Rgg8 38. Be2 Rg7 39. Rc5 Rcc7 40. Bxg4+ Rxg4
41. Rdxd5 cxd5 42. Rxc7 a5 43. Rc6+ Kf5 44. f3 Rd4 45. g4+ Kg5 46. Re6 Rc4 47.
Rxe5+ Kf6 48. Rxd5 axb4 49. axb4 Rxb4 50. Kf2 1-0

[Event "Innsbruck op-A"]
[Site "Innsbruck AUT"]
[Date "2021.08.22"]
[Round "3.7"]
[White "Malek, Daniel"]
[Black "Gedajlovic, Max"]
[Result "1/2-1/2"]
[WhiteElo "2348"]
[BlackElo "2270"]
[PlyCount "86"]
[EventDate "2021.08.21"]
[EventType "swiss"]
[EventRounds "9"]
[EventCountry "AUT"]
[Source "ChessMix"]
[SourceDate "2021.09.01"]

1. e4 e6 2. d4 d5 3. Nd2 c5 4. Ngf3 cxd4 5. Nxd4 Nc6 6. Bb5 Bd7 7. Nxc6 bxc6 8.
Bd3 Bd6 9. Qe2 e5 10. exd5 cxd5 11. c4 Nf6 12. cxd5 Nxd5 13. Be4 Nf4 14. Qa6
Bc5 15. O-O Rb8 16. Nb3 Bb6 17. Bxf4 exf4 18. Rfd1 Qf6 19. Qe2 Be6 20. Qb5+ Kf8
21. Nc5 g6 22. Nxe6+ Qxe6 23. Qd5 Qxd5 24. Bxd5 Kg7 25. b3 Rhe8 26. Kf1 Re7 27.
Bc4 h5 28. Rd5 Rbb7 29. Rad1 Rbc7 30. Re1 Rxe1+ 31. Kxe1 Rc5 32. Rd7 Rc7 33.
Rxc7 Bxc7 34. Ke2 Bb6 35. f3 h4 36. h3 Kf6 37. Kd3 a5 38. Ke4 Ke7 39. Kd5 Kd7
40. a3 f6 41. b4 axb4 42. axb4 Kc7 43. Ke6 Bd4 1/2-1/2

[Event "Innsbruck op-A"]
[Site "Innsbruck AUT"]
[Date "2021.08.23"]
[Round "4.11"]
[White "Gedajlovic, Max"]
[Black "Kristoferitsch, Daniel"]
[Result "1-0"]
[WhiteElo "2270"]
[BlackElo "2325"]
[PlyCount "55"]
[EventDate "2021.08.21"]
[EventType "swiss"]
[EventRounds "9"]
[EventCountry "AUT"]
[Source "ChessMix"]
[SourceDate "2021.09.01"]

1. d4 Nf6 2. c4 e6 3. Nf3 d5 4. Nc3 dxc4 5. e4 b5 6. e5 Nd5 7. Nxb5 Nb6 8. Be2
Nc6 9. O-O Be7 10. Nc3 Bb7 11. Be3 O-O 12. Rc1 Qd7 13. d5 exd5 14. Bxb6 axb6
15. Bxc4 d4 16. Re1 Qg4 17. Nd5 Bb4 18. h3 Qc8 19. Nxb4 Nxb4 20. e6 Bd5 21. Ng5
fxe6 22. Qxd4 c5 23. Qh4 h6 24. Nxe6 Rf7 25. Bxd5 Nxd5 26. Rcd1 Qd7 27. Qe4
Rxa2 28. Rxd5 1-0

[Event "Innsbruck op-A"]
[Site "Innsbruck AUT"]
[Date "2021.08.24"]
[Round "5.4"]
[White "Abel, Dennes"]
[Black "Gedajlovic, Max"]
[Result "1-0"]
[WhiteElo "2448"]
[BlackElo "2270"]
[PlyCount "75"]
[EventDate "2021.08.21"]
[EventType "swiss"]
[EventRounds "9"]
[EventCountry "AUT"]
[Source "ChessMix"]
[SourceDate "2021.09.01"]

1. d4 e6 2. c4 Bb4+ 3. Nd2 b6 4. a3 Bxd2+ 5. Qxd2 Bb7 6. e3 f5 7. Ne2 Nf6 8.
Nc3 O-O 9. f3 d6 10. b3 Qe7 11. Bb2 Nbd7 12. Bd3 a6 13. O-O Rae8 14. a4 a5 15.
Nb5 Nb8 16. c5 dxc5 17. dxc5 Na6 18. cxb6 cxb6 19. Qe2 Nd5 20. Bc4 f4 21. e4
Ne3 22. Rfc1 Nc5 23. Be5 Nxc4 24. Qxc4 Rd8 25. Rd1 Ba6 26. Qc2 Bxb5 27. axb5
Nxb3 28. Qxb3 Qc5+ 29. Bd4 Rxd4 30. Qxe6+ Kh8 31. Kh1 Rfd8 32. Re1 Qxb5 33. e5
a4 34. h3 h6 35. Rab1 Rb4 36. Rbd1 Re8 37. Qf7 Rxe5 38. Rxe5 1-0

[Event "Innsbruck op-A"]
[Site "Innsbruck AUT"]
[Date "2021.08.25"]
[Round "6.7"]
[White "Gedajlovic, Max"]
[Black "Marcelin, Cyril"]
[Result "1/2-1/2"]
[WhiteElo "2270"]
[BlackElo "2444"]
[PlyCount "66"]
[EventDate "2021.08.21"]
[EventType "swiss"]
[EventRounds "9"]
[EventCountry "AUT"]
[Source "ChessMix"]
[SourceDate "2021.09.01"]

1. d4 d6 2. c4 e5 3. d5 Be7 4. Nc3 Bg5 5. e3 Bh6 6. Nf3 Ne7 7. c5 O-O 8. Bc4
Ng6 9. g3 Bh3 10. cxd6 cxd6 11. Bf1 Qd7 12. Bxh3 Qxh3 13. Ng1 Qd7 14. h4 f5 15.
Nf3 Na6 16. Ng5 Bxg5 17. hxg5 Nc5 18. Qh5 e4 19. Ne2 Nd3+ 20. Kf1 Rfc8 21. Bd2
Nf8 22. Bc3 Qf7 23. Qh4 b5 24. a3 a5 25. g6 Qxg6 26. Nf4 Nxf4 27. gxf4 Qf7 28.
Qg5 Ra7 29. Rd1 a4 30. Rh6 g6 31. Kg2 Rac7 32. Bb4 Rd7 33. Rhh1 Rc4 1/2-1/2

[Event "Innsbruck op-A"]
[Site "Innsbruck AUT"]
[Date "2021.08.26"]
[Round "7.15"]
[White "Arnold, Max"]
[Black "Gedajlovic, Max"]
[Result "1/2-1/2"]
[WhiteElo "2316"]
[BlackElo "2270"]
[PlyCount "49"]
[EventDate "2021.08.21"]
[EventType "swiss"]
[EventRounds "9"]
[EventCountry "AUT"]
[Source "ChessMix"]
[SourceDate "2021.09.01"]

1. e4 e6 2. d4 d5 3. e5 c5 4. c3 Qb6 5. Nf3 Bd7 6. Bd3 cxd4 7. O-O Nc6 8. Re1
a6 9. Nbd2 Nge7 10. h4 Nf5 11. c4 Ne3 12. Qe2 dxc4 13. Be4 c3 14. bxc3 dxc3 15.
Rb1 Qa7 16. Nb3 Ng4 17. Nh2 Nxh2 18. Be3 Qb8 19. f4 c2 20. Bxc2 Nb4 21. Be4 Bb5
22. Qd1 Qd8 23. Kxh2 Qxd1 24. Rexd1 Bc6 25. Bxc6+ 1/2-1/2

[Event "Innsbruck op-A"]
[Site "Innsbruck AUT"]
[Date "2021.08.29"]
[Round "9.28"]
[White "Derraugh, Geordie"]
[Black "Gedajlovic, Max"]
[Result "1/2-1/2"]
[WhiteElo "2169"]
[BlackElo "2270"]
[PlyCount "33"]
[EventDate "2021.08.21"]
[EventType "swiss"]
[EventRounds "9"]
[EventCountry "AUT"]
[Source "ChessMix"]
[SourceDate "2021.09.01"]

1. e4 e6 2. d4 d5 3. Nc3 Bb4 4. Nge2 dxe4 5. a3 Bxc3+ 6. Nxc3 Nc6 7. Bb5 Nge7
8. Bg5 f6 9. Be3 O-O 10. Qd2 f5 11. O-O-O Qd6 12. g3 a6 13. Bxc6 Nxc6 14. Bg5
e5 15. dxe5 Qxd2+ 16. Rxd2 Be6 17. Nd5 1/2-1/2

[Event "Titled Tuesday 2021.08.17"]
[Site "chess.com INT"]
[Date "2021.08.17"]
[Round "1"]
[White "Lamotte Tavares, Patrick"]
[Black "Gedajlovic, Max"]
[Result "0-1"]
[WhiteElo "1914"]
[BlackElo "2270"]
[PlyCount "40"]
[EventDate "2021.08.17"]
[EventType "swiss (blitz)"]
[EventRounds "11"]
[EventCountry "NET"]
[Source "Mark Crowther"]
[SourceDate "2021.08.23"]

1. c4 e5 2. Nc3 Nf6 3. g3 Bb4 4. Bg2 O-O 5. Nf3 d6 6. O-O Bxc3 7. dxc3 Nbd7 8.
Qc2 a5 9. b3 a4 10. Bg5 h6 11. Be3 Qe7 12. b4 Nb6 13. c5 Nc4 14. cxd6 cxd6 15.
Bc1 d5 16. Nd2 Nd6 17. c4 Bf5 18. Qc3 d4 19. Qf3 e4 20. Qf4 g5 0-1

[Event "Titled Tuesday 2021.08.17"]
[Site "chess.com INT"]
[Date "2021.08.17"]
[Round "5"]
[White "Gedajlovic, Max"]
[Black "Shafigullina, Zarina"]
[Result "1-0"]
[WhiteElo "2270"]
[BlackElo "2245"]
[PlyCount "68"]
[EventDate "2021.08.17"]
[EventType "swiss (blitz)"]
[EventRounds "11"]
[EventCountry "NET"]
[Source "Mark Crowther"]
[SourceDate "2021.08.23"]

1. d4 Nf6 2. Nf3 e6 3. e3 c5 4. Bd3 Nc6 5. O-O b6 6. b3 Bb7 7. Bb2 Be7 8. a3
O-O 9. Nbd2 Rc8 10. c4 h6 11. Re1 cxd4 12. exd4 d5 13. Qe2 Na5 14. Ne5 Bd6 15.
Qe3 Qc7 16. Rac1 Qb8 17. c5 Be7 18. b4 Nc6 19. Nxc6 Bxc6 20. b5 Be8 21. c6 Ng4
22. Qg3 h5 23. Qxb8 Rxb8 24. h3 Nf6 25. Nf3 Nh7 26. Bc3 Bxa3 27. Ra1 Bd6 28.
Rxa7 Nf6 29. Ne5 g6 30. Rea1 Ne4 31. Bxe4 dxe4 32. Nc4 Bf4 33. g3 Bg5 34. c7
Rc8 1-0

[Event "Spilimbergo op"]
[Site "Spilimbergo ITA"]
[Date "2021.08.10"]
[Round "2.12"]
[White "Kozak, Adam"]
[Black "Gedajlovic, Max"]
[Result "1-0"]
[WhiteElo "2504"]
[BlackElo "2270"]
[PlyCount "39"]
[EventDate "2021.08.09"]
[EventType "swiss"]
[EventRounds "9"]
[EventCountry "ITA"]
[Source "ChessMix"]
[SourceDate "2018.11.10"]

1. Nf3 Nf6 2. c4 e6 3. g3 d5 4. Bg2 dxc4 5. O-O a6 6. Qc2 b5 7. Ne1 Nd5 8. d3
Bb7 9. dxc4 Nb4 10. Qc3 Bxg2 11. Nxg2 N8c6 12. Be3 Be7 13. a3 Bf6 14. Qb3 bxc4
15. Qa4 Bxb2 16. axb4 Bxa1 17. Rd1 O-O 18. Rxd8 Raxd8 19. Bc5 Rfe8 20. Ne3 1-0

[Event "Spilimbergo op"]
[Site "Spilimbergo ITA"]
[Date "2021.08.15"]
[Round "9.10"]
[White "Gedajlovic, Max"]
[Black "Dann, Matthias"]
[Result "1/2-1/2"]
[WhiteElo "2270"]
[BlackElo "2500"]
[PlyCount "45"]
[EventDate "2021.08.09"]
[EventType "swiss"]
[EventRounds "9"]
[EventCountry "ITA"]
[Source "ChessMix"]
[SourceDate "2018.11.10"]

1. d4 Nf6 2. c4 e6 3. Nf3 b6 4. e3 g6 5. Nc3 d5 6. Ne5 c6 7. Qa4 Qd6 8. e4 Nxe4
9. Nxe4 dxe4 10. c5 Qe7 11. Bf4 Bg7 12. Nxc6 Qd7 13. Bxb8 Bb7 14. Bd6 Bxc6 15.
Qb4 f5 16. Ba6 Kf7 17. O-O Rhd8 18. Rac1 b5 19. Rfd1 Bf8 20. Be5 Bg7 21. Bd6
Bf8 22. Be5 Bg7 23. Bd6 1/2-1/2

[Event "Titled Tuesday 2021.07.06"]
[Site "chess.com INT"]
[Date "2021.07.06"]
[Round "1"]
[White "Shapiro, Dan"]
[Black "Gedajlovic, Max"]
[Result "0-1"]
[WhiteElo "2284"]
[BlackElo "2270"]
[PlyCount "66"]
[EventDate "2021.07.06"]
[EventType "swiss (blitz)"]
[EventRounds "11"]
[EventCountry "NET"]
[Source "Mark Crowther"]
[SourceDate "2021.07.12"]

1. d4 Nf6 2. c4 e6 3. g3 d5 4. Nf3 Bb4+ 5. Nbd2 O-O 6. Qc2 a5 7. Bg2 c6 8. O-O
Nbd7 9. Rd1 b6 10. e4 Bxd2 11. Nxd2 Ba6 12. e5 Ne8 13. b3 Nc7 14. Bb2 Rc8 15.
Rac1 Qe7 16. Qb1 b5 17. c5 b4 18. Nf3 h6 19. Re1 Ra8 20. Rc2 Bd3 21. Qd1 Bxc2
22. Qxc2 Nb5 23. h4 Ra6 24. Qd3 Rfa8 25. g4 a4 26. Bc1 axb3 27. Qxb3 Rxa2 28.
g5 h5 29. g6 fxg6 30. Bg5 Qf7 31. Qxb4 R8a4 32. Qb1 Nxd4 33. Nxd4 Qxf2+ 0-1

[Event "Titled Tuesday 2021.07.06"]
[Site "chess.com INT"]
[Date "2021.07.06"]
[Round "3"]
[White "Gedajlovic, Max"]
[Black "Jodorcovsky, P."]
[Result "0-1"]
[WhiteElo "2270"]
[BlackElo "2197"]
[PlyCount "146"]
[EventDate "2021.07.06"]
[EventType "swiss (blitz)"]
[EventRounds "11"]
[EventCountry "NET"]
[Source "Mark Crowther"]
[SourceDate "2021.07.12"]

1. d4 d5 2. c4 e6 3. Nc3 Nf6 4. cxd5 exd5 5. Bg5 c6 6. e3 Be7 7. Qc2 Nbd7 8.
Bd3 Nh5 9. Bxe7 Qxe7 10. Nf3 Nf4 11. Bf5 Nxg2+ 12. Kf1 Nh4 13. Nxh4 Qxh4 14.
Rc1 g6 15. Bd3 Nf6 16. Be2 Bf5 17. Qb3 Ne4 18. Nxe4 Qh3+ 19. Ke1 Bxe4 20. Rg1
Qxh2 21. Rg5 O-O 22. Bf1 Qh4 23. Rg3 f5 24. Rh3 Qe7 25. f3 f4 26. fxe4 Qxe4 27.
Qd3 Qe6 28. Kd2 fxe3+ 29. Rxe3 Qd6 30. Be2 Rf2 31. Rf1 Raf8 32. Rxf2 Rxf2 33.
Qa3 Qf4 34. Qxa7 h5 35. Qa8+ Kg7 36. Qxb7+ Kh6 37. Kd3 Qf5+ 38. Kd2 Qf4 39. Qb4
Rh2 40. Kd3 Qf5+ 41. Kc3 Qf2 42. Qe7 Qe1+ 43. Kb3 Qd2 44. Qf8+ Kg5 45. Re5+ Kh4
46. Qf6+ g5 47. Rxd5 Qe3+ 48. Ka4 cxd5 49. Bb5 Qf4 50. Qxf4+ gxf4 51. b4 f3 52.
a3 Rb2 53. Ka5 Ra2 54. a4 Kg3 55. Bf1 Kf2 56. Bh3 Ke3 57. b5 f2 58. b6 Rb2 59.
Ka6 Kxd4 60. a5 Kc5 61. Ka7 Kc6 62. Bf1 d4 63. Ka6 h4 64. Bg2+ Kd7 65. b7 Kc7
66. Ka7 d3 67. a6 d2 68. Bf3 f1=Q 69. Be2 Qxe2 70. b8=Q+ Kd7 71. Qxb2 d1=Q 72.
Qb7+ Ke6 73. Qc8+ Qd7+ 0-1

[Event "Titled Tuesday 2021.07.06"]
[Site "chess.com INT"]
[Date "2021.07.06"]
[Round "4"]
[White "Berezin, V UKR."]
[Black "Gedajlovic, Max"]
[Result "0-1"]
[WhiteElo "2307"]
[BlackElo "2270"]
[PlyCount "94"]
[EventDate "2021.07.06"]
[EventType "swiss (blitz)"]
[EventRounds "11"]
[EventCountry "NET"]
[Source "Mark Crowther"]
[SourceDate "2021.07.12"]

1. d4 Nf6 2. c4 e6 3. Nf3 b6 4. g3 Bb7 5. Bg2 g6 6. O-O Bg7 7. Nc3 Ne4 8. Bd2
O-O 9. Nxe4 Bxe4 10. Bc3 d6 11. Nd2 Bxg2 12. Kxg2 Nd7 13. e4 e5 14. d5 a5 15.
b3 f5 16. f4 fxe4 17. Nxe4 exf4 18. Bxg7 Kxg7 19. Rxf4 Rxf4 20. gxf4 Qh4 21.
Qd4+ Kh6 22. Rf1 Qg4+ 23. Ng3 Rf8 24. Qe4 Nc5 25. Qe3 Kg7 26. Qd4+ Kg8 27. h3
Qh4 28. Kh2 Qf6 29. Qd2 Re8 30. f5 Qe5 31. f6 Rf8 32. Qf2 Ne4 33. Qe3 Rxf6 34.
Rxf6 Nxf6 35. Qxe5 dxe5 36. Kg2 Kf7 37. Kf3 Ke7 38. Ke3 Nd7 39. a3 Nc5 40. b4
axb4 41. axb4 Na6 42. Ke4 Nxb4 43. Kxe5 Nd3+ 44. Ke4 Nc5+ 45. Kd4 Nd7 46. Ne4
h6 47. h4 Nf6 0-1

[Event "Titled Tuesday 2021.07.06"]
[Site "chess.com INT"]
[Date "2021.07.06"]
[Round "5"]
[White "Gedajlovic, Max"]
[Black "Mickiewicz, P."]
[Result "1-0"]
[WhiteElo "2270"]
[BlackElo "2247"]
[PlyCount "67"]
[EventDate "2021.07.06"]
[EventType "swiss (blitz)"]
[EventRounds "11"]
[EventCountry "NET"]
[Source "Mark Crowther"]
[SourceDate "2021.07.12"]

1. d4 d5 2. c4 e6 3. Nc3 Nf6 4. cxd5 exd5 5. Bg5 c6 6. e3 Be7 7. Bd3 Nbd7 8.
Nge2 Ne4 9. Bxe7 Qxe7 10. O-O Ndf6 11. Qc2 Bf5 12. Rae1 O-O 13. f3 Nxc3 14.
Nxc3 Bxd3 15. Qxd3 Rad8 16. Qd2 Rfe8 17. Qf2 Qb4 18. h3 Re6 19. Rd1 Rde8 20.
Rfe1 a5 21. Re2 Qe7 22. Rde1 h6 23. e4 dxe4 24. fxe4 Qd8 25. e5 Nd5 26. Rf1 Qe7
27. Ne4 b6 28. Nd6 Rxd6 29. exd6 Qd7 30. Qf5 Re6 31. Rxe6 fxe6 32. Qf8+ Kh7 33.
Rf7 Qxf7 34. Qxf7 1-0

[Event "Thursday Night Marathon Online"]
[Site "chess.com"]
[Date "2021.06.24"]
[Round "1"]
[White "Gedajlovic, Max"]
[Black "Zong, Ivan"]
[Result "1-0"]
[WhiteElo "2213"]
[BlackElo "1335"]
[PlyCount "95"]
[EventDate "2021.06.24"]
[EventType "swiss (rapid)"]
[EventRounds "8"]
[EventCountry "USA"]

1. d4 d5 2. c4 c6 3. Nf3 e6 4. e3 Nd7 5. Bd3 dxc4 6. Bxc4 Ngf6 7. O-O Bd6 8.
Nc3 O-O 9. e4 e5 10. Bg5 exd4 11. Qxd4 Bc7 12. Rad1 Nb6 13. Qc5 Nbd7 14. Qe3 h6
15. Bh4 Qe7 16. Rfe1 Re8 17. h3 Qc5 18. Qxc5 Nxc5 19. Bxf6 gxf6 20. Nd4 b5 21.
Bb3 Nxb3 22. Nxb3 a5 23. Nd4 Bb7 24. Nf5 Kh7 25. Rd7 Rac8 26. Rxf7+ Kg8 27.
Rxf6 b4 28. Na4 c5 29. Rg6+ Kf7 30. Rg7+ Kf6 31. Nxc5 Bh2+ 32. Kxh2 Rxc5 33.
Rxb7 Rxf5 34. Rb6+ Kg5 35. Kg3 Rfe5 36. f4+ Kh5 37. fxe5 Rxe5 38. Rd6 Rg5+ 39.
Kh2 Re5 40. Rd5 Rxd5 41. exd5 Kg5 42. d6 Kf5 43. d7 Kf4 44. d8=Q Kf5 45. Qd5+
Kf6 46. Re6+ Kf7 47. Qd7+ Kf8 48. Re8# 1-0

[Event "Thursday Night Marathon Online"]
[Site "chess.com"]
[Date "2021.06.24"]
[Round "2"]
[White "Dudek, Casimir"]
[Black "Gedajlovic, Max"]
[Result "0-1"]
[WhiteElo "1284"]
[BlackElo "2213"]
[PlyCount "122"]
[EventDate "2021.06.24"]
[EventType "swiss (rapid)"]
[EventRounds "8"]
[EventCountry "USA"]

1. e4 e6 2. d4 d5 3. e5 c5 4. c3 Qb6 5. Nf3 Bd7 6. a3 Bb5 7. Be2 Bxe2 8. Qxe2
c4 9. O-O Nc6 10. Qc2 Na5 11. Nbd2 Ne7 12. Rb1 Nec6 13. b4 cxb3 14. Nxb3 Nxb3
15. Rxb3 Qa6 16. Nd2 Be7 17. f4 Rc8 18. Nf3 g6 19. Rb1 b6 20. Bb2 Qc4 21. Rf2
Na5 22. Qe2 Qxe2 23. Rxe2 Nc4 24. Bc1 Bxa3 25. Ra2 Bxc1 26. Rxc1 Rc7 27. Ra6
Ke7 28. Rca1 Na5 29. Nd2 Rhc8 30. Ra3 Kd7 31. Kf2 Ra8 32. Kg3 Kc8 33. Kg4 Kb7
34. R6xa5 bxa5 35. Nb3 h6 36. Nc5+ Kb6 37. Rb3+ Kc6 38. h4 a4 39. Nxa4 Rb7 40.
Ra3 a5 41. h5 gxh5+ 42. Kxh5 Rb1 43. Kg4 Rf1 44. Kg3 Rg8+ 45. Kh2 Rf2 46. Nc5
Rfxg2+ 47. Kh3 Rg1 48. Kh2 R1g4 49. Kh3 Rxf4 50. Rxa5 Rf3+ 51. Kh2 Rf5 52. Ra6+
Kb5 53. c4+ dxc4 54. Rb6+ Kxb6 55. Nd7+ Kb5 56. Nf6 Rxf6 57. exf6 c3 58. d5 c2
59. dxe6 c1=Q 60. exf7 Qg1+ 61. Kh3 Qh1# 0-1

[Event "Thursday Night Marathon Online"]
[Site "chess.com"]
[Date "2021.07.01"]
[Round "3"]
[White "Gedajlovic, Max"]
[Black "Guseinov, Gadir"]
[Result "0-1"]
[WhiteElo "2213"]
[BlackElo "2651"]
[PlyCount "56"]
[EventDate "2021.06.24"]
[EventType "swiss (rapid)"]
[EventRounds "8"]
[EventCountry "USA"]

1. d4 Nf6 2. c4 g6 3. Nc3 Bg7 4. e4 d6 5. h3 O-O 6. Be3 c6 7. Nf3 Na6 8. Be2 e5
9. d5 Nc5 10. Bxc5 dxc5 11. dxc6 Qa5 12. O-O bxc6 13. Nxe5 Nxe4 14. Nxc6 Nxc3
15. Nxa5 Nxd1 16. Rfxd1 Rb8 17. Rab1 Rxb2 18. Rxb2 Bxb2 19. Nc6 Be6 20. Rb1 Bf6
21. Nxa7 Ra8 22. Rb7 Rd8 23. Nc6 Rd2 24. Bf3 Rxa2 25. Rb5 Bc3 26. Nd8 Be5 27.
g4 Ra1+ 28. Kg2 Bxc4 0-1